| 000 | 00869cam a22002412 4500 | ||
|---|---|---|---|
| 001 | 0000001493 | ||
| 005 | 20151217151818.0 | ||
| 008 | 070313s xx 000 0 eng d | ||
| 020 |
_a0333929500 : _cKES 9,750 |
||
| 040 |
_aKABU _cKABU |
||
| 050 | 0 |
_aHC79 _b.I55 B83 |
|
| 100 | 1 |
_aBuchel, Bettina S. T. _@0000150286 |
|
| 245 | 1 | 0 |
_aUsing communication technology : _bcreating knowledge organizations / _cBettina S. T. Buchel. |
| 260 |
_aHoundmills, Basingstoke, Hampshire ; _aNew York : _bPalgrave, _c2001. |
||
| 300 |
_axi, 184 p. : _bill ; _c23 cm. |
||
| 504 | _aIncludes bibliographical refrences and index. | ||
| 650 | 0 |
_aInformation technology. _@0000150287 |
|
| 650 | 0 |
_aCommunication _xTechnological innovations. _@0000150288 |
|
| 650 | 0 |
_aOrganization. _@0000148288 |
|
| 908 | _a070313 | ||
| 950 | _@1 | ||
| 999 |
_c5287 _d5287 |
||